000 00518nam a2200169 i 4500
001 85500
003 ES-MaACL
005 20250902063058.0
007 t|
008 041129s1958 sp ||||1| spa d
100 1 _aJuderías, Alfredo,
_d1910-1991
_967184
245 1 0 _aElogio y nostalgia de Sigüenza /
_cAlfredo Juderías.
260 _aMadrid :
_bCultura Clásica y Moderna,
_c1958 (
_fTejario)
300 _a128 p., 49 lám. ;
_c22 cm.
852 _aES-MaACL
_jC-14951
_bR.42881
999 _c85500
_d85500